Statistics for Scrabble words from JETPUNK

Click here to take the quiz!

General Stats

  • This quiz has been taken 114 times
  • The average score is 20 of 42

Answer Stats

Score Word % Correct
10pun
99%
20jet
96%
20punk
94%
8pe
90%
20jun
88%
6tun
82%
10pet
77%
30junk
75%
4nu
74%
4ne
74%
10put
71%
6ten
70%
10pen
64%
6net
60%
4un
59%
8tune
56%
14ken
51%
6nut
51%
12punt
50%
20jut
50%
20puke
46%
10tup
41%
12pent
41%
18kep
40%
16nuke
39%
4et
39%
22jute
36%
30juke
35%
8up
30%
4en
30%
4ut
28%
20kept
27%
16kent
25%
50junket
20%
26jupe
18%
30unkept
14%
16kune
12%
20jeu
12%
14uke
8%
14kue
8%
6ute
8%
16neuk
2%

Score Distribution

Percentile by Number Answered

Percent of People with Each Score

Your Score History

You have not taken this quiz